[Event "Turkey IS Bank Super League 2017"]
[Site "Darica-Kocaeli"]
[Date "2017.08.04"]
[Round "11"]
[White "Topak, Engin"]
[Black "Gulden, Egemen"]
[Result "1-0"]
[WhiteElo "2192"]
[BlackElo "2044"]
[Annotator "NA"]
[PlyCount "73"]
[EventType "team-tourn"]
[EventCountry "TUR"]
[SourceTitle "playchess.com"]
[Source "ChessBase"]
[SourceQuality "1"]
[TimeControl "40/5400+30:1800+30"]

1. d4 {[%emt 0:00:30]} d5 {[%emt 0:02:00]} 2. Nf3 {[%emt 0:00:30]} Nf6 {[%emt 0:01:30]} 3. c4 {[%emt 0:00:30]} e6 {[%emt 0:00:00]} 4. g3 {[%emt 0:00:00]} b6 {[%emt 0:01:00]} 5. Bg2 {[%emt 0:00:00]} Bb7 {[%emt 0:00:30]} 6. O-O {[%emt 0:03:30]} Nbd7 {[%emt 0:00:30]} 7. Nbd2 {[%emt 0:04:30]} Bd6 {[%emt 0:00:30]} 8. b3 {[%emt 0:00:30]} O-O {[%emt 0:02:30]} 9. Bb2 {[%emt 0:00:00]} Qe7 {[%emt 0:00:30] D02: 1 d4 d5 2 Nf3 sidelines, including 2...Nf6 3 g3 and 2...Nf6 3 Bf4} 10. Qc2 {[%emt 0:07:00]} (10. Rc1 c5 11. e3 Rfd8 {½-½ (42) Sohal,T (2199)-Vibbert,S (2315) Vancouver 2012}) 10... c5 $146 {[%emt 0:03:30]} ({Predecessor:} 10... Rac8 11. a4 Rfe8 12. a5 a6 13. e3 Bb4 14. axb6 cxb6 15. Ne5 Nxe5 16. dxe5 Nd7 17. f4 {½-½ (56) Berglund,J (1986)-Flermoen,P (1508) Hammerfest 2007}) 11. cxd5 {[%emt 0:02:30]} exd5 {[%emt 0:00:30]} 12. dxc5 {[%emt 0:00:00]} bxc5 {[%emt 0:01:30]} 13. Rfe1 {[%emt 0:07:00]} Ne4 {[%emt 0:13:30]} 14. Nxe4 {[%emt 0:01:30]} dxe4 {[%emt 0:00:30]} 15. Nd2 {[%emt 0:00:30]} f5 {[%emt 0:01:30]} 16. Nc4 {[%emt 0:00:30]} Bc7 {[%emt 0:00:30]} 17. e3 {[%emt 0:01:30]} Ba6 {[%emt 0:21:30]} 18. Red1 {[%emt 0:04:30]} Kh8 {[%emt 0:04:30]} 19. Rac1 {[%emt 0:00:30]} Rac8 {[%emt 0:04:30]} 20. Bf1 {[%emt 0:11:30]} Bb7 {[%emt 0:06:30]} 21. Qc3 {[%emt 0:05:30]} Rf6 {[%emt 0:06:30]} 22. Rd2 $16 {[%emt 0:02:30]} f4 {[%emt 0:16:41]} 23. Rcd1 {[%emt 0:05:30]} Nf8 {[%emt 0:06:17]} 24. Nd6 {[%emt 0:01:30]} Bxd6 {[%emt 0:03:08]} 25. Rxd6 {[%emt 0:00:30]} fxg3 {[%emt 0:01:25]} 26. Rxf6 {[%emt 0:01:30]} gxh2+ {[%emt 0:00:05]} 27. Kh1 {[%emt 0:00:30]} Ng6 {[%emt 0:01:56]} 28. Rxg6 {[%emt 0:00:30]} hxg6 {[%emt 0:00:30]} 29. Qxg7+ {[%emt 0:00:00]} Qxg7 {[%emt 0:00:00]} 30. Bxg7+ {[%emt 0:00:00]} Kxg7 {[%emt 0:00:19]} 31. Rd7+ {[%emt 0:00:30]} Kh6 {[%emt 0:00:00]} 32. Rxb7 {[%emt 0:00:30]} Rf8 {[%emt 0:00:00]} 33. Bg2 {[%emt 0:03:30]} Rxf2 {[%emt 0:00:11]} 34. Rxa7 {[%emt 0:00:30]} Re2 {[%emt 0:00:00]} 35. Bxe4 {[%emt 0:00:30]} Rxe3 {[%emt 0:00:21]} 36. Bg2 {[%emt 0:00:00]} g5 {[%emt 0:00:15]} 37. Kxh2 {[%emt 0:00:00]} 1-0

[Event "Turkey IS Bank Super League 2017"]
[Site "Darica-Kocaeli"]
[Date "2017.08.04"]
[Round "11"]
[White "Yazici, Ugur Doga"]
[Black "Sevgi, Volkan"]
[Result "1-0"]
[WhiteElo "2144"]
[BlackElo "2199"]
[Annotator "ChessBase"]
[PlyCount "133"]
[EventType "team-tourn"]
[EventCountry "TUR"]
[SourceTitle "playchess.com"]
[Source "ChessBase"]
[SourceQuality "1"]
[TimeControl "40/5400+30:1800+30"]

1. e4 {[%emt 0:00:30]} c6 {[%emt 0:05:00]} 2. d4 {[%emt 0:00:30]} d5 {[%emt 0:00:00]} 3. e5 {[%emt 0:00:30]} Na6 {[%emt 0:00:00]} 4. c3 {[%emt 0:00:30]} Nc7 {[%emt 0:00:30]} 5. Bd3 {[%emt 0:00:30]} g6 {[%emt 0:00:30]} 6. Nf3 {[%emt 0:00:30]} Nh6 {[%emt 0:00:30]} 7. Nbd2 {[%emt 0:00:30]} Bg7 {[%emt 0:00:30]} 8. Nf1 {[%emt 0:00:30]} Bg4 {[%emt 0:06:30]} 9. Ne3 {[%emt 0:03:30]} Bxf3 {[%emt 0:00:30]} 10. Qxf3 {[%emt 0:00:00]} f6 {[%emt 0:02:30]} 11. exf6 {[%emt 0:02:00]} exf6 {[%emt 0:00:30]} 12. h4 {[%emt 0:05:30]} f5 {[%emt 0:06:30]} 13. Bd2 {[%emt 0:08:30]} Qd6 {[%emt 0:04:30]} 14. O-O-O {[%emt 0:01:30]} O-O-O {[%emt 0:00:00]} 15. g4 {[%emt 0:07:30]} fxg4 {[%emt 0:05:00]} 16. Nxg4 {[%emt 0:00:00]} Rhf8 {[%emt 0:00:30]} 17. Qh3 {[%emt 0:00:00]} Nf5 {[%emt 0:00:30]} 18. Ne3 {[%emt 0:04:30]} Qe6 {[%emt 0:21:30]} 19. Nxf5 {[%emt 0:09:30]} gxf5 {[%emt 0:00:00]} 20. Rde1 {[%emt 0:01:30]} Qf7 {[%emt 0:04:00]} 21. Rhg1 {[%emt 0:00:30]} Ne8 {[%emt 0:12:30]} 22. Bg5 {[%emt 0:01:30]} Rd7 {[%emt 0:07:30]} 23. Rxe8+ {[%emt 0:09:30]} Qxe8 {[%emt 0:07:51]} 24. Bxf5 {[%emt 0:00:30]} Rxf5 {[%emt 0:01:12]} 25. Qxf5 {[%emt 0:00:30]} Qf8 {[%emt 0:00:10]} 26. Qxf8+ {[%emt 0:00:30]} Bxf8 {[%emt 0:00:12]} 27. Kd2 {[%emt 0:01:30]} Rf7 {[%emt 0:00:35]} 28. Ke2 {[%emt 0:01:30]} Kd7 {[%emt 0:02:20]} 29. Rg3 {[%emt 0:01:30]} Rf5 {[%emt 0:01:36]} 30. Rf3 {[%emt 0:05:30]} Ke6 {[%emt 0:00:30]} 31. Re3+ {[%emt 0:00:30]} Kf7 {[%emt 0:00:00]} 32. Rg3 {[%emt 0:04:30]} Bd6 {[%emt 0:02:43]} 33. Rg1 {[%emt 0:00:30]} Bf8 {[%emt 0:01:28]} 34. f3 {[%emt 0:02:30]} h6 {[%emt 0:00:52]} 35. Be3 {[%emt 0:00:30]} Rh5 {[%emt 0:00:48]} 36. Rg4 {[%emt 0:00:30]} Be7 {[%emt 0:00:00]} 37. Bf2 {[%emt 0:00:30]} Rf5 {[%emt 0:00:05]} 38. Ke3 {[%emt 0:00:30]} h5 {[%emt 0:01:59]} 39. Rg1 {[%emt 0:00:30]} Bf8 {[%emt 0:01:04]} 40. Ke2 {[%emt 0:00:00]} Be7 {[%emt 0:02:35]} 41. Bg3 {[%emt 0:07:00]} Bf6 {[%emt 0:01:30]} 42. a4 {[%emt 0:00:30]} Ke6 {[%emt 0:05:30]} 43. Ra1 {[%emt 0:02:30]} Bd8 {[%emt 0:00:30]} 44. Rg1 {[%emt 0:01:30]} Rf8 {[%emt 0:02:30]} 45. Be5 {[%emt 0:02:30]} Bxh4 {[%emt 0:07:30]} 46. Rh1 {[%emt 0:01:30]} Bg5 {[%emt 0:00:30]} 47. Rxh5 {[%emt 0:00:30]} Bc1 {[%emt 0:00:00]} 48. b3 {[%emt 0:01:30]} b5 {[%emt 0:08:21]} 49. Rh7 {[%emt 0:01:30]} Rf7 {[%emt 0:01:08]} 50. Rh1 {[%emt 0:02:30]} Bg5 {[%emt 0:01:40]} 51. axb5 {[%emt 0:00:30]} cxb5 {[%emt 0:00:09]} 52. Ra1 {[%emt 0:00:00]} Bd8 {[%emt 0:02:57]} 53. Rh1 {[%emt 0:07:00]} Be7 {[%emt 0:02:53]} 54. Rh6+ {[%emt 0:00:30]} Kf5 {[%emt 0:00:01]} 55. Ra6 {[%emt 0:01:30]} Bf8 {[%emt 0:00:42]} 56. Kd3 {[%emt 0:01:30]} Kg5 {[%emt 0:00:39]} 57. f4+ {[%emt 0:03:30]} Kf5 {[%emt 0:00:13]} 58. c4 {[%emt 0:00:30]} dxc4+ {[%emt 0:00:30]} 59. bxc4 {[%emt 0:00:30]} b4 {[%emt 0:00:30]} 60. c5 {[%emt 0:00:30]} b3 {[%emt 0:00:30]} 61. Kc3 {[%emt 0:00:30]} Rb7 {[%emt 0:02:16]} 62. Kb2 {[%emt 0:00:30]} Be7 {[%emt 0:00:16]} 63. c6 {[%emt 0:00:30]} Rb4 {[%emt 0:00:10]} 64. c7 {[%emt 0:00:30]} Rc4 {[%emt 0:00:36]} 65. Kxb3 {[%emt 0:00:30]} Rc1 {[%emt 0:00:30]} 66. d5 {[%emt 0:00:00]} Bh4 {[%emt 0:00:00]} 67. Rc6 {[%emt 0:00:00]} 1-0

[Event "Turkey IS Bank Super League 2017"]
[Site "Darica-Kocaeli"]
[Date "2017.08.04"]
[Round "11"]
[White "Ererdem, Gani Eren"]
[Black "Bayyurt, Izge"]
[Result "1-0"]
[WhiteElo "2090"]
[BlackElo "1839"]
[Annotator "NA"]
[PlyCount "73"]
[EventType "team-tourn"]
[EventCountry "TUR"]
[SourceTitle "playchess.com"]
[Source "ChessBase"]
[SourceQuality "1"]
[TimeControl "40/5400+30:1800+30"]

1. d4 {[%emt 0:02:30]} Nf6 {[%emt 0:01:00]} 2. Nf3 {[%emt 0:01:30]} e6 {[%emt 0:00:30]} 3. c4 {[%emt 0:03:30]} Bb4+ {[%emt 0:03:30]} 4. Nbd2 {[%emt 0:01:30]} c5 {[%emt 0:02:30]} 5. dxc5 {[%emt 0:07:30]} Bxc5 {[%emt 0:04:30]} 6. a3 {[%emt 0:01:30]} a5 {[%emt 0:05:30]} 7. e3 {[%emt 0:02:30]} Nc6 {[%emt 0:02:30]} 8. Qc2 {[%emt 0:01:30]} O-O {[%emt 0:04:30]} 9. b3 {[%emt 0:09:30]} d5 {[%emt 0:05:30]} 10. cxd5 {[%emt 0:10:30]} Qxd5 {[%emt 0:00:30]} 11. Bc4 {[%emt 0:00:30]} (11. Bb2 $5 {[%cal Re3e4]} Be7 12. Be2 $14) 11... Qh5 {[%emt 0:00:30]} 12. Bb2 {[%emt 0:04:30]} Be7 $14 {[%emt 0:01:30]} 13. O-O {[%emt 0:06:30]} Bd7 {[%emt 0:15:30]} 14. Rad1 {[%emt 0:12:30]} Rac8 {[%emt 0:02:30]} 15. Ne4 {[%emt 0:08:30]} Nd5 {[%emt 0:07:30]} 16. Ng3 {[%emt 0:05:37]} Qh6 {[%emt 0:00:30]} 17. Qe2 {[%emt 0:04:54]} Nb6 {[%emt 0:01:30]} 18. Bd3 {[%emt 0:00:18]} Bf6 {[%emt 0:01:30]} 19. Bc1 {[%emt 0:00:58]} g6 {[%emt 0:01:30]} 20. e4 {[%emt 0:03:47]} Qg7 {[%emt 0:00:00]} 21. Be3 {[%emt 0:00:00]} Nd4 {[%emt 0:08:00]} 22. Nxd4 {[%emt 0:00:32]} Bxd4 {[%emt 0:00:00]} 23. e5 {[%emt 0:00:12]} Bxe3 {[%emt 0:01:00]} 24. Qxe3 {[%emt 0:00:03]} Nd5 {[%emt 0:00:30]} 25. Qd4 {[%emt 0:00:16]} Bc6 {[%emt 0:02:30]} 26. Ne4 {[%emt 0:00:09]} Rfd8 {[%emt 0:01:30]} 27. Bc4 {[%emt 0:00:27]} b5 {[%emt 0:01:30]} 28. Bxd5 {[%emt 0:00:23]} Bxd5 {[%emt 0:01:30]} 29. Nf6+ {[%emt 0:01:34]} Kh8 {[%emt 0:00:30]} 30. Rd3 {[%emt 0:00:09]} h5 {[%emt 0:13:51]} 31. Qf4 {[%emt 0:06:20]} b4 {[%emt 0:03:06]} 32. axb4 {[%emt 0:00:48]} axb4 {[%emt 0:00:04]} 33. Rh3 {[%emt 0:00:54]} Rc3 {[%emt 0:02:43]} 34. Rh4 {[%emt 0:01:55]} Rxb3 {[%emt 0:01:38]} 35. Qg5 {[%emt 0:00:24]} Rc8 {[%emt 0:01:53]} 36. Rxh5+ {[%emt 0:00:49]} gxh5 {[%emt 0:00:16]} 37. Qxh5+ {[%emt 0:00:00]} 1-0

[Event "Turkey IS Bank Super League 2017"]
[Site "Darica-Kocaeli"]
[Date "2017.08.04"]
[Round "11"]
[White "Arda, Cagil Irmak"]
[Black "Incecik, Seyma Zeynep"]
[Result "1-0"]
[WhiteElo "2080"]
[BlackElo "1804"]
[Annotator "NA"]
[PlyCount "61"]
[EventType "team-tourn"]
[EventCountry "TUR"]
[SourceTitle "playchess.com"]
[Source "ChessBase"]
[SourceQuality "1"]
[TimeControl "40/5400+30:1800+30"]

1. e4 {[%emt 0:01:30]} d5 {[%emt 0:01:00]} 2. exd5 {[%emt 0:00:30]} Qxd5 {[%emt 0:01:30]} 3. Nc3 {[%emt 0:00:00]} Qa5 {[%emt 0:00:00]} 4. d4 {[%emt 0:00:00]} c6 {[%emt 0:00:00]} 5. Bc4 {[%emt 0:00:30]} Nf6 {[%emt 0:00:30]} 6. Bd2 {[%emt 0:00:00]} Bf5 {[%emt 0:00:30]} 7. Nf3 {[%emt 0:00:00]} e6 {[%emt 0:00:30]} 8. Qe2 {[%emt 0:01:30]} Bb4 {[%emt 0:05:30]} 9. O-O-O {[%emt 0:00:30]} Nbd7 {[%emt 0:01:30]} 10. Ne5 {[%emt 0:01:30]} Nxe5 {[%emt 0:06:30]} 11. dxe5 {[%emt 0:00:30]} Nd5 {[%emt 0:02:30]} 12. Bxd5 {[%emt 0:00:30]} exd5 {[%emt 0:01:30] B01: Scandinavian Defence} 13. g4 {[%emt 0:04:30] LiveBook: 12 Games} (13. a3 Bxa3 14. bxa3 Qxa3+ 15. Kb1 Qb3+ 16. Ka1 Bxc2 17. Rc1 d4 18. Na2 Bf5 19. Bb4 O-O-O 20. Bd6 {1-0 (55) Gunnarsson,J (2450)-Tristan,L (2458) chess.com INT 2017}) 13... Bd7 {[%emt 0:02:30]} 14. a3 {[%emt 0:10:30] [#]} ({Better is} 14. f4 $11) 14... Be7 $146 {[%emt 0:14:30]} (14... Bxa3 $1 $15 {[%mdl 512]} 15. f4 (15. bxa3 Qxa3+) 15... Be7) ({Predecessor:} 14... Bxc3 15. Bxc3 Qb6 16. f4 O-O-O 17. f5 Rde8 18. Rhe1 Rhg8 19. Qf3 g6 20. e6 fxe6 {1-0 (40) Polok,K (2213)-Percivaldi,M (2310) Warsaw 2015}) 15. Be1 {[%emt 0:19:30]} Bg5+ {[%emt 0:08:30]} 16. Kb1 {[%emt 0:00:30]} Qc7 {[%emt 0:00:30]} 17. Rd4 {[%emt 0:00:30]} Be7 {[%emt 0:11:30]} 18. f4 {[%emt 0:04:30]} Qb6 {[%emt 0:08:30]} 19. Bf2 $11 {[%emt 0:07:30]} Bxa3 {[%emt 0:16:01]} 20. Na4 {[%emt 0:03:30]} Qb5 {[%emt 0:02:22]} 21. Qxb5 {[%emt 0:11:30]} cxb5 {[%emt 0:00:30]} 22. bxa3 {[%emt 0:00:30]} bxa4 {[%emt 0:00:00]} 23. f5 {[%emt 0:01:30]} h5 {[%emt 0:10:09]} 24. Re1 {[%emt 0:01:30]} hxg4 {[%emt 0:02:09]} 25. e6 {[%emt 0:01:30]} fxe6 {[%emt 0:00:37]} 26. fxe6 {[%emt 0:00:30]} Bc6 {[%emt 0:00:31]} 27. Rxg4 {[%emt 0:04:30]} Rh7 {[%emt 0:03:10]} 28. Rf4 {[%emt 0:05:24]} O-O-O {[%emt 0:00:50]} 29. Bg3 {[%emt 0:00:24]} Re8 {[%emt 0:00:28]} 30. Rf7 {[%emt 0:00:16]} b6 {[%emt 0:00:44]} 31. Rc7+ {[%emt 0:00:08]} 1-0

[Event "Turkey IS Bank Super League 2017"]
[Site "Darica-Kocaeli"]
[Date "2017.08.04"]
[Round "11"]
[White "Kamer, Kayra"]
[Black "Asadli, Vugar"]
[Result "1/2-1/2"]
[WhiteElo "2062"]
[BlackElo "2457"]
[Annotator "TA"]
[PlyCount "107"]
[EventType "team-tourn"]
[EventCountry "TUR"]
[SourceTitle "playchess.com"]
[Source "ChessBase"]
[SourceQuality "1"]

{[%evp 20,107,15,5,25,-41,-36,-20,-20,-10,-22,-14,0,0,9,1,3,0,8,-10,-8,-48,18,17,23,0,16,16,16,14,18,0,0,-10,-7,-20,-28,-27,-19,-45,-17,-24,0,-20,-14,-14,-16,-15,-22,-22,-22,-22,-16,-12,-11,-13,0,-94,-86,-91,-46,-47,-39,-88,-50,-60,-63,-62,-23,-36,0,0,0,-4,-9,-14,0,0,0,0,0,0,0,0,0,0,0,0,0,0]} 1. Nf3 g6 2. e4 Bg7 3. d4 d6 4. Nc3 a6 5. Be3 b5 6. Bd3 Bb7 7. a4 {B06: Modern Defence} (7. e5 Nd7 8. e6 fxe6 9. Ng5 Nf8 10. O-O Nf6 11. f3 Nd5 12. Nxd5 exd5 13. Qe2 Qd7 14. f4 Ne6 15. Nxe6 Qxe6 {0-1 (35) Najer,E (2658)-Malakhov,V (2694) Moscow 2015}) 7... b4 8. Ne2 Nd7 9. Qd2 c5 10. c3 Ngf6 11. Ng3 {LiveBook: 12 Games} O-O 12. Bh6 $146 (12. cxb4 $11 cxd4 13. Bxd4 (13. Nxd4 d5 $11)) ({Predecessor:} 12. O-O a5 13. Bh6 c4 14. Bb1 bxc3 15. bxc3 e5 16. Bxg7 Kxg7 {½-½ (66) Todorovic,N (2251)-Todorovic,B (2348) Kragujevac 2016}) 12... Bxh6 $15 13. Qxh6 bxc3 14. bxc3 Qa5 15. Qd2 $1 Rac8 (15... d5 $5 {[%cal Rd5e4]} 16. e5 Ne4 17. Bxe4 dxe4 $11) 16. O-O cxd4 17. cxd4 Qxd2 18. Nxd2 Rc3 19. Bb1 e5 20. d5 (20. Ne2 $5 {[%cal Re2c3]} Rc7 21. a5 $15) 20... Rfc8 (20... a5 $15) 21. Ne2 R3c7 22. Nb3 Nc5 23. Nxc5 Rxc5 24. Bd3 Nd7 25. Rab1 (25. Rfb1 $5 {[%cal Rb1b7]} R8c7 26. f3 $14) 25... R8c7 26. Rfc1 Rxc1+ 27. Rxc1 (27. Nxc1 {is more complex.} Nc5 28. a5 f5 29. f3 Kf7 30. Kf2) 27... Nc5 28. Rc3 Rc8 29. Bc2 Rb8 30. Nc1 Bc8 (30... f5 $5 31. exf5 gxf5 $15) 31. Nb3 Nxa4 32. Rc6 Bd7 33. Rxd6 Bb5 {Threatens to win with ...Rc8.} 34. Na5 $1 Nc3 35. f3 Ne2+ 36. Kf2 Nd4 37. Bd1 Rc8 {[#] White must now prevent ...Rc1.} (37... Kf8 $5 {[%cal Rf8e7]} 38. Nc6 Nxc6 39. dxc6 Rc8 $11) 38. Nc6 (38. Ke1 $11 {remains equal.}) 38... Nxc6 $17 39. dxc6 Rxc6 {[%mdl 4096] Endgame KRB-KRB} 40. Rd5 Rc1 41. Bb3 Rc3 42. Rd8+ Kg7 43. Bd5 f5 44. Rg8+ Kh6 45. exf5 {The position is equal.} gxf5 46. g4 $1 Rc2+ 47. Kg1 Bc4 (47... e4 {looks sharper.} 48. h3 exf3 49. Bxf3 fxg4 50. hxg4 Rc5) 48. Bxc4 Rxc4 49. gxf5 $11 {KR-KR} Rf4 50. Kg2 Rxf5 {[#] Hoping for ...Rg5+.} 51. Ra8 Rg5+ 52. Kf2 Rg6 53. Re8 a5 54. Ra8 {Precision: White = 55%, Black = 59%.} 1/2-1/2

[Event "Turkey IS Bank Super League 2017"]
[Site "Darica-Kocaeli"]
[Date "2017.08.04"]
[Round "11"]
[White "Tarlabasi, Emirhan"]
[Black "Gokerkan, Cem Kaan"]
[Result "0-1"]
[WhiteElo "2046"]
[BlackElo "2321"]
[Annotator "ChessBase"]
[PlyCount "68"]
[EventType "team-tourn"]
[EventCountry "TUR"]
[SourceTitle "playchess.com"]
[Source "ChessBase"]
[SourceQuality "1"]
[TimeControl "40/5400+30:1800+30"]

1. d4 {[%emt 0:00:30]} Nf6 {[%emt 0:01:00]} 2. c4 {[%emt 0:00:30]} e6 {[%emt 0:00:30]} 3. Nf3 {[%emt 0:00:00]} b6 {[%emt 0:00:30]} 4. a3 {[%emt 0:00:00]} Bb7 {[%emt 0:01:30]} 5. Nc3 {[%emt 0:00:30]} d5 {[%emt 0:00:00]} 6. cxd5 {[%emt 0:00:30]} Nxd5 {[%emt 0:00:00]} 7. Qc2 {[%emt 0:00:30]} Nxc3 {[%emt 0:00:30]} 8. bxc3 {[%emt 0:00:30]} Nd7 {[%emt 0:00:30]} 9. e4 {[%emt 0:00:30]} c5 {[%emt 0:00:30]} 10. Bd3 {[%emt 0:00:30]} Qc7 {[%emt 0:00:30]} 11. O-O {[%emt 0:05:30]} cxd4 {[%emt 0:00:30]} 12. cxd4 {[%emt 0:00:30]} Qxc2 {[%emt 0:00:30]} 13. Bxc2 {[%emt 0:00:30]} Be7 {[%emt 0:00:30]} 14. Bb2 {[%emt 0:12:30]} O-O {[%emt 0:01:30]} 15. Rac1 {[%emt 0:03:30]} Ba6 {[%emt 0:14:30]} 16. Rfd1 {[%emt 0:08:30]} Rac8 {[%emt 0:00:00]} 17. Bb1 {[%emt 0:01:30]} b5 {[%emt 0:10:00]} 18. d5 {[%emt 0:10:30]} exd5 {[%emt 0:01:30]} 19. exd5 {[%emt 0:01:30]} Nb6 {[%emt 0:04:30]} 20. d6 {[%emt 0:12:30]} Rxc1 {[%emt 0:02:30]} 21. Bxc1 {[%emt 0:00:30]} Rd8 {[%emt 0:01:30]} 22. Bf4 {[%emt 0:00:00]} Nc4 {[%emt 0:40:15]} 23. Ne5 {[%emt 0:28:18]} Rxd6 {[%emt 0:01:40]} 24. Re1 {[%emt 0:05:01]} Nxe5 {[%emt 0:04:25]} 25. Bxe5 {[%emt 0:00:10]} Rd8 {[%emt 0:00:30]} 26. Bc7 {[%emt 0:07:04]} Rd7 {[%emt 0:00:34]} 27. Ba5 {[%emt 0:00:31]} g6 {[%emt 0:01:16]} 28. Bc2 {[%emt 0:00:52]} Bxa3 {[%emt 0:01:31]} 29. Bc3 {[%emt 0:00:28]} Bf8 {[%emt 0:02:03]} 30. Ra1 {[%emt 0:00:32]} Rc7 {[%emt 0:01:38]} 31. Rxa6 {[%emt 0:00:30]} Rxc3 {[%emt 0:00:02]} 32. Ra2 {[%emt 0:00:30]} b4 {[%emt 0:00:00]} 33. Bd1 {[%emt 0:00:35]} Rc1 {[%emt 0:00:16]} 34. Rd2 {[%emt 0:00:00]} b3 {[%emt 0:00:00]} 0-1

[Event "Turkey IS Bank Super League 2017"]
[Site "Darica-Kocaeli"]
[Date "2017.08.04"]
[Round "11"]
[White "Kaplan, Ebru"]
[Black "Atalik, Ekaterina"]
[Result "0-1"]
[WhiteElo "2022"]
[BlackElo "2445"]
[Annotator "TA"]
[PlyCount "70"]
[EventType "team-tourn"]
[EventCountry "TUR"]
[SourceTitle "playchess.com"]
[Source "ChessBase"]
[SourceQuality "1"]

{[%evp 19,70,27,29,0,0,-77,-83,-102,-86,-106,-78,-120,-134,-129,-128,-146,-125,-473,-158,-180,-184,-186,-152,-230,-231,-239,-232,-254,-251,-282,-233,-270,-252,-274,-266,-362,-371,-914,-911,-1052,-1149,-1094,-1076,-3586,-2280,-3414,-3506,-29994,-29995,-29995,-29996,-29997,-29998]} 1. e4 e5 2. Nf3 Nc6 3. Nc3 Nf6 4. Bb5 d6 5. d4 exd4 6. Qxd4 Bd7 7. Bxc6 Bxc6 8. Bg5 Be7 9. O-O-O O-O 10. Rhe1 Re8 {LiveBook: 20 Games} 11. e5 {C62: Ruy Lopez: Steinitz Defence} (11. Qd2 Qd7 12. Nd4 h6 13. Bf4 Ng4 14. Nf5 Bf8 15. f3 Ne5 16. Qf2 b5 17. g4 b4 18. Ne2 a5 {0-1 (48) Sandipan,C (2579)-Bu,X (2714) Beijing 2008}) 11... dxe5 12. Qc4 (12. Qxe5 $11 Bd6 13. Qd4) 12... Nd7 $17 13. Be3 $146 {Black is better.} ({Predecessor:} 13. h4 Bxf3 14. gxf3 Bxg5+ 15. hxg5 Qxg5+ 16. f4 Qf5 17. fxe5 Nxe5 18. Qxc7 Rac8 19. Qxb7 Qxf2 20. Rf1 Qe3+ 21. Kb1 Rb8 22. Qd5 Qxc3 {0-1 (22) Efimov,I (2419)-De Santis,A (2295) Sarzana 2011}) 13... Bd6 14. h4 Qe7 15. h5 Nb6 $36 {[%mdl 2048] Black has strong initiative.} 16. Qg4 Qe6 17. Qh4 Qc4 18. Qh3 $2 {[%mdl 8192] [#]} (18. Qg3 $17 {is tougher.}) 18... Na4 $2 (18... Ba3 $1 $19 {[%mdl 512] is more deadly. aiming for ...Qxc3.} 19. Nb1 (19. bxa3 Qxc3) 19... Qxa2 20. Nxa3 Na4) 19. Nxa4 Qxa4 ({Don't play} 19... Bxa4 20. b3 $17) 20. Kb1 Bd7 {[%cal Bc6d7,Bd7e6,Be6f5,Bf5h7][%mdl 32]} 21. Qh1 (21. Qg3 $17) 21... Be6 $19 22. b3 {[#]} Qc6 $1 23. Bc1 Bf5 24. Re2 h6 25. Bb2 a5 26. Nh4 Bh7 {...a4 is the strong threat.} 27. Qe1 Bb4 28. Qg1 $2 (28. Red2) 28... a4 29. g4 axb3 30. axb3 Qa6 31. Qf1 Qa2+ 32. Kc1 Ba3 {( -> ...Red8)} 33. Bxa3 Qa1+ {Black mates.} 34. Kd2 Rad8+ 35. Ke3 Qc3+ {Precision: White = 17%, Black = 75%.} 0-1